000 00679nam a2200193 i 4500
001 85400
003 ES-MaACL
005 20230906175233.0
007 t|
008 041129s1931 sp ||||1| spa d
100 1 _aJiménez de Asúa, Luis,
_d1889-1970
_966491
245 1 3 _aLa teoría jurídica del delito
_b: discurso leído en la solemne inauguración del curso académico de 1931 a 1932 /
_cpor Luis Jiménez de Asúa.
260 _aMadrid :
_b[s.n.,
_c1931] (
_fImp. Colonial)
300 _a180 p. ;
_c28 cm.
500 _aPrecede al tít.: Universidad de Madrid.
710 2 _aUniversidad de Madrid.
_97205
852 _aES-MaACL
_jA-1002
999 _c85400
_d85400